Quiz sur la Somme - Statistiques

Statistiques générales
  • Ce quiz a été pris 260 fois
  • Le résultat moyen est 14 sur 20
Statistiques - réponses
Question Réponse % Correct
Numéro du département 80
100%
Préfecture et plus grande ville Amiens
98%
Région Hauts-de-France
95%
Mer qui borde le département. Manche
95%
Oise
93%
Nord
91%
Départements limitrophes Aisne
90%
Pas-de-Calais
90%
Conflit durant lequel s'est déroulée la Bataille de la Somme. Première Guerre mondiale
85%
Sous-préfectures Abbeville
79%
Celle de la rivière Somme est l'un des rares endroits où l'on peut trouver des phoques à l'état sauvage en France. Baie
75%
Seine-Maritime
75%
Celle de la préfecture est considérée comme la plus vaste de France. Cathédrale
63%
Spécialité culinaire formée d'une crêpe fourrée née dans le département. Ficelle picarde
61%
Péronne
58%
Montdidier
47%
Gentilé Samariens
42%
Nombre d'habitants (arrondi à la dizaine de milliers d'habitants) 570 000 (572 443)
26%
Ceux de Rue, Saint-Riquier ou encore Doullens sont au patrimoine mondial de l'Unesco. Beffrois
25%
Parfumerie de luxe dont le créateur est né dans la Somme. Guerlain
12%
Aucun quiz correspondant
Distribution des résultats
% des personnes avec chaque résultat
Percentile par nombre de réponses
Votre historique - résultats
Vous n’avez pas pris ce quiz